Catálogo público

Codigestión de residuos agroindustriales avícolas en presencia de sargazo / (Record no. 220591)

MARC details
000 -CABECERA
campo de control de longitud fija 04007nam a22003857a 4500
003 - IDENTIFICADOR DEL NÚMERO DE CONTROL
campo de control CHAP
005 - FECHA Y HORA DE LA ÚLTIMA TRANSACCIÓN
campo de control 20250707171143.0
007 - CAMPO FIJO DE DESCRIPCIÓN FÍSICA--INFORMACIÓN GENERAL
campo de control de longitud fija ta
008 - DATOS DE LONGITUD FIJA--INFORMACIÓN GENERAL
campo de control de longitud fija 250611s2024 mx adbo|sm||| 001 0 spa d
040 ## - FUENTE DE LA CATALOGACIÓN
Normas de descripción rda
041 ## - CÓDIGO DE LENGUA
Código de lengua del texto/banda sonora o título independiente spa
Código de lengua del sumario o resumen eng
100 1# - ENTRADA PRINCIPAL--NOMBRE DE PERSONA
Nombre de persona Bustamante Corona, Metzli
9 (RLIN) 187955
240 10 - TÍTULO UNIFORME
Título uniforme Co-digestion of poultry agroindustrial waste in the presence of sargassum.
Lenguaje de la obra Español
245 10 - MENCIÓN DE TÍTULO
Título Codigestión de residuos agroindustriales avícolas en presencia de sargazo /
Mención de responsabilidad, etc. Metzli Bustamante Corona
264 ## - PRODUCCIÓN, PUBLICACIÓN, DISTRIBUCIÓN, FABRICACIÓN Y COPYRIGHT
Producción, publicación, distribución, fabricación y copyright Chapingo, México :
Nombre del de productor, editor, distribuidor, fabricante El autor,
Fecha de producción, publicación, distribución, fabricación o copyright 2024
300 ## - DESCRIPCIÓN FÍSICA
Extensión 1 recurso en línea (xi, 57 páginas) :
Otras características físicas ilustraciones, tablas, gráficas, mapas, fotografías
336 ## - TIPO DE CONTENIDO
Fuente rdacontent
Término de tipo de contenido texto
Código de tipo de contenido txt
337 ## - TIPO DE MEDIO
Fuente rdamedia
Nombre/término del tipo de medio computadora
Código del tipo de medio c
338 ## - TIPO DE SOPORTE
Fuente rdacarrier
Nombre/término del tipo de soporte recurso en línea
Código del tipo de soporte cr
502 ## - NOTA DE TESIS
Nota de tesis Tesis
Tipo de título (Maestro en Ciencia y Tecnología Agroalimentaria) --
Nombre de la institución que otorga el título Departamento de Ingeniería Agroindustrial,
Año de obtención del título 2024
Información miscelánea Maestría
504 ## - NOTA DE BIBLIOGRAFÍA, ETC.
Nota de bibliografía, etc. Incluye bibliografías
520 3# - SUMARIO, ETC.
Sumario, etc. Los intentos de eliminación y control de sargazo en la región del Caribe mexicano no han tenido éxito, han sido costosos y han llevado tiempo, por lo que esta biomasa ha sido motivo de diversos estudios para ser utilizada en codigestión anaeróbica como uno de los métodos para explotar las algas y obtener bioenergía. Por lo que se evaluó el efecto de la co-digestión sargazo:pollinaza sobre la producción de biogás mediante el análisis de su potencial bioquímico de metano (PBM). Se realizaron 6 tratamientos en el orden sargazo (S): pollinaza (P) con las siguientes proporciones 0:100, 35:65, 50:50, 65:35, 85:15 y 100:0 en microcosmos de 240 mL durante 90 d, siendo la mono-digestión 0S:100P la que tuvo mayor rendimiento de PBM con 126.63 mL CH4 𝑔𝑠𝑣𝑎−1, seguido de la co-digestión 35S:65P con rendimiento de 117.26 mL CH4 𝑔𝑠𝑣𝑎−1, que mejoró en un 63% la producción de metano con respecto a la mono-digestión de sargazo de 71.71 CH4 𝑔𝑠𝑣𝑎−1. No obstante, en los tratamientos de co-digestión se reportó sinergia en un rango de 0.67 a 13.14%, demostrando así que el sargazo en co-digestión con pollinaza tiene interacciones positivas. --
520 3# - SUMARIO, ETC.
Sumario, etc. The influx of sargassum in the Mexican Caribbean region has increased considerably, causing problems for the environmental, economic and health. The attempts at elimination and control have not been unsuccessful, costly and time consuming, so this biomass has been the subject of diverse studies to be used in anaerobic co-digestion with chicken litter as one of the methods to exploit the algae and obtain bioenergy. Therefore, the effect of sargassum-chicken litter co-digestion on biogas production was evaluated by analyzing its biochemical methane potential (MBP). Six treatments were performed in the order sargassum (S): chicken litter (CL) with the following ratios 0:100, 35:65, 50:50, 65:35, 85:15 and 100:0 in 240 mL microcosms, for 90 d, being the 0S:100P mono-digestion the one with the highest PBM yield with 126.63 CH4 𝑔𝑠𝑣𝑎−1, followed by the 35S:65P co-digestion with yield of 117. 26 mL CH4 𝑔𝑠𝑣𝑎−1. which improved methane production by 63% over the sargassum mono-digestion of 71.71 CH4 𝑔𝑠𝑣𝑎−1. However, in the co-digestion treatments, synergy was reported in a range from 0.67 to 13.14%, demonstrating that sargassum in co-digestion with chicken litter has positive interactions.
650 13 - PUNTO DE ACCESO ADICIONAL DE MATERIA--TÉRMINO DE MATERIA
Término de materia o nombre geográfico como elemento de entrada Producción de metano
Fuente del encabezamiento o término atg
9 (RLIN) 144099
650 13 - PUNTO DE ACCESO ADICIONAL DE MATERIA--TÉRMINO DE MATERIA
Término de materia o nombre geográfico como elemento de entrada Digestión anaeróbica
Fuente del encabezamiento o término atg
9 (RLIN) 134402
650 13 - PUNTO DE ACCESO ADICIONAL DE MATERIA--TÉRMINO DE MATERIA
Término de materia o nombre geográfico como elemento de entrada Estiércol de las aves de corral
Fuente del encabezamiento o término atg
9 (RLIN) 157670
650 13 - PUNTO DE ACCESO ADICIONAL DE MATERIA--TÉRMINO DE MATERIA
Término de materia o nombre geográfico como elemento de entrada Methane production
Fuente del encabezamiento o término atg
9 (RLIN) 162552
650 13 - PUNTO DE ACCESO ADICIONAL DE MATERIA--TÉRMINO DE MATERIA
Término de materia o nombre geográfico como elemento de entrada Anaerobic digestion
Fuente del encabezamiento o término atg
9 (RLIN) 154964
650 13 - PUNTO DE ACCESO ADICIONAL DE MATERIA--TÉRMINO DE MATERIA
Término de materia o nombre geográfico como elemento de entrada Poultry manure
Fuente del encabezamiento o término atg
9 (RLIN) 157671
700 1# - PUNTO DE ACCESO ADICIONAL--NOMBRE DE PERSONA
Nombre de persona Espinosa Solares, Teodoro
9 (RLIN) 153069
Término indicativo de función/relación director
700 1# - PUNTO DE ACCESO ADICIONAL--NOMBRE DE PERSONA
Nombre de persona Hernández Eugenio, Guadalupe
9 (RLIN) 147931
Término indicativo de función/relación asesor
700 1# - PUNTO DE ACCESO ADICIONAL--NOMBRE DE PERSONA
Nombre de persona Ochoa Bernal, Thalia Guadalupe
9 (RLIN) 189829
Término indicativo de función/relación asesora
856 40 - LOCALIZACIÓN Y ACCESO ELECTRÓNICOS
Identificador Uniforme del Recurso http://10.13.5.2/tesis/tm/2212044-6_BUSTAMANTE_CORONA_METZLI.pdf
Texto de enlace DESCARGAR PDF
942 ## - ELEMENTOS DE PUNTO DE ACCESO ADICIONAL (KOHA)
Fuente del sistema de clasificación o colocación Clasificación Universidad Autónoma Chapingo
Tipo de ítem Koha Tesis digital
Holdings
Estado de retiro Estado de pérdida Fuente del sistema de clasificación o colocación Estado dañado No para préstamo Código de colección Localización permanente Ubicación/localización actual Ubicación en estantería Fecha de adquisición Fuente de adquisición Total de préstamos Código de barras Fecha visto por última vez Precio válido a partir de Tipo de ítem Koha
    Clasificación Universidad Autónoma de Chapingo     Tesis digitales de Maestría Ingenieria Agroindustrial Ingenieria Agroindustrial En línea 11/06/2025 El autor   1201015543 11/06/2025 11/06/2025 Tesis digital